Vybrané nejnovější trendy ve vzdělávání a rozvoji zaměstnanců

Trendy vo vzdelávaní - zavedenie cross-trainingu alebo rozvoj multiskillingu, rozvoj schopnosti vodcovstva, meranie návratnosti investícií do rozvoja a vzdelávania, zavedenie just-in-time vzdelávania, diverzifikácia foriem výuky.

Salvato in:
Dettagli Bibliografici
Autore principale: Čapková, Anna
Altri autori: Skalková, Jana
Natura: Capitolo di libro
Lingua:ceco
Soggetti:
Tags: Aggiungi Tag
Nessun Tag, puoi essere il primo ad aggiungerne!!

MARC

LEADER 00000naa a2200000 4500
001 0126594
005 20231113132716.9
041 0 |a cze 
044 |a CZ 
245 1 0 |a Vybrané nejnovější trendy ve vzdělávání a rozvoji zaměstnanců  |c Anna Čapková, Jana Skalková 
520 |a Trendy vo vzdelávaní - zavedenie cross-trainingu alebo rozvoj multiskillingu, rozvoj schopnosti vodcovstva, meranie návratnosti investícií do rozvoja a vzdelávania, zavedenie just-in-time vzdelávania, diverzifikácia foriem výuky. 
610 2 0 |a firmy 
610 2 0 |a vzdelávanie ďalšie 
610 2 0 |a zamestnanci 
100 1 |a Čapková, Anna 
700 1 |a Skalková, Jana